[Event "2024 National Elementary (K-6) Championship"]
[Site "Columbus, Ohio, United States"]
[Date "2024.04.27"]
[Round "3.27"]
[White "Baublyte, Inga"]
[Black "Felix, Isaiah"]
[Result "0-1"]
[TimeControl "G/90; d10"]
[WhiteElo "895"]
[BlackElo "986"]

1. e4 {[%clk 01:30:00]} {[%emt 00:00:03]} e5 {[%clk 01:30:00]} {[%emt
00:00:04]} 2. Nf3 {[%clk 01:30:00]} {[%emt 00:00:13]} Nc6 {[%clk 01:30:00]}
{[%emt 00:00:06]} 3. Bc4 {[%clk 01:30:00]} {[%emt 00:00:09]} Bc5 {[%clk
01:30:00]} {[%emt 00:00:04]} 4. d3 {[%clk 01:29:54]} {[%emt 00:00:10]} h6
{[%clk 01:30:00]} {[%emt 00:00:10]} 5. c3 {[%clk 01:29:27]} {[%emt 00:00:37]}
d6 {[%clk 01:29:57]} {[%emt 00:00:13]} 6. h3 {[%clk 01:29:18]} {[%emt
00:00:19]} Nf6 {[%clk 01:29:57]} {[%emt 00:00:10]} 7. Nbd2 {[%clk 01:29:08]}
{[%emt 00:00:20]} Be6 {[%clk 01:29:55]} {[%emt 00:00:13]} 8. Bb3 {[%clk
01:28:50]} {[%emt 00:00:27]} O-O {[%clk 01:29:36]} {[%emt 00:00:29]} 9. Nf1
{[%clk 01:28:45]} {[%emt 00:00:15]} d5 {[%clk 01:29:08]} {[%emt 00:00:38]} 10.
exd5 {[%clk 01:28:16]} {[%emt 00:00:39]} Bxd5 {[%clk 01:29:08]} {[%emt
00:00:05]} 11. Ng3 {[%clk 01:27:52]} {[%emt 00:00:27]} e4 {[%clk 01:25:23]}
{[%emt 00:04:03]} 12. Nh4 {[%clk 01:26:40]} {[%emt 00:01:23]} exd3 {[%clk
01:24:46]} {[%emt 00:00:46]} 13. O-O {[%clk 01:26:34]} {[%emt 00:00:16]} Qd6
{[%clk 01:22:54]} {[%emt 00:02:01]} 14. Nhf5 {[%clk 01:23:05]} {[%emt
00:03:40]} Qd7 {[%clk 01:20:11]} {[%emt 00:02:51]} 15. Ba4 {[%clk 01:21:19]}
{[%emt 00:01:57]} Be6 {[%clk 01:18:54]} {[%emt 00:01:27]} 16. b4 {[%clk
01:16:57]} {[%emt 00:04:32]} Bb6 {[%clk 01:18:12]} {[%emt 00:00:52]} 17. Qf3
{[%clk 01:16:39]} {[%emt 00:00:28]} Bd5 {[%clk 01:14:17]} {[%emt 00:04:05]} 18.
Qf4 {[%clk 01:12:24]} {[%emt 00:04:26]} Nh7 {[%clk 01:12:32]} {[%emt 00:01:55]}
19. Qg4 {[%clk 01:11:32]} {[%emt 00:01:03]} Qxf5 {[%clk 00:55:35]} {[%emt
00:17:06]} 20. Nxf5 {[%emt 00:00:41]} Ng5 {[%clk 00:55:06]} {[%emt 00:00:36]}
21. Bxg5 {[%clk 01:10:40]} {[%emt 00:00:33]} hxg5 {[%clk 00:55:04]} {[%emt
00:00:13]} 22. Qxg5 {[%clk 01:10:40]} {[%emt 00:00:08]} g6 {[%clk 00:53:25]}
{[%emt 00:01:49]} 23. Nh6+ {[%clk 01:10:00]} {[%emt 00:00:50]} Kg7 {[%clk
00:52:48]} {[%emt 00:00:47]} 24. Nf5+ {[%clk 01:08:26]} {[%emt 00:01:43]} Kg8
{[%clk 00:51:58]} {[%emt 00:01:00]} 25. Bd1 {[%clk 01:06:37]} {[%emt 00:01:59]}
Be4 {[%clk 00:51:27]} {[%emt 00:00:41]} 26. Bg4 {[%emt 00:01:30]} d2 {[%emt
00:00:30]} 27. Rad1 {[%clk 01:03:22]} {[%emt 00:01:25]} Bxf5 {[%clk 00:50:18]}
{[%emt 00:01:19]} 28. Bxf5 {[%clk 01:03:13]} {[%emt 00:00:20]} Kh7 {[%clk
00:50:18]} {[%emt 00:00:09]} 29. Qh4+ {[%clk 01:00:20]} {[%emt 00:03:02]} Kg8
{[%clk 00:49:21]} {[%emt 00:01:08]} 30. Qg4 {[%clk 00:59:28]} {[%emt 00:01:02]}
Kh7 {[%clk 00:49:19]} {[%emt 00:00:12]} 31. Bd3 {[%clk 00:58:34]} {[%emt
00:01:04]} f5 {[%clk 00:49:12]} {[%emt 00:00:17]} 32. Qh4+ {[%clk 00:58:08]}
{[%emt 00:00:36]} Kg7 {[%clk 00:49:02]} {[%emt 00:00:20]} 33. Rxd2 {[%clk
00:57:28]} {[%emt 00:00:50]} a5 {[%clk 00:48:29]} {[%emt 00:00:43]} 34. a3
{[%clk 00:56:23]} {[%emt 00:01:15]} axb4 {[%clk 00:48:26]} {[%emt 00:00:12]} 35.
axb4 {[%clk 00:56:19]} {[%emt 00:00:14]} Ne5 {[%clk 00:48:04]} {[%emt
00:00:34]} 36. Qe7+ {[%clk 00:53:17]} {[%emt 00:03:11]} Nf7 {[%clk 00:47:34]}
{[%emt 00:00:40]} 37. Bc4 {[%clk 00:52:31]} {[%emt 00:00:56]} Rae8 {[%clk
00:45:44]} {[%emt 00:01:59]} 38. Qh4 {[%clk 00:45:24]} {[%emt 00:07:18]} Re4
{[%clk 00:45:36]} {[%emt 00:00:18]} 39. Qg3 {[%clk 00:34:59]} {[%emt 00:10:35]}
Rxc4 {[%clk 00:45:30]} {[%emt 00:00:15]} 40. h4 {[%clk 00:33:19]} {[%emt
00:01:49]} f4 {[%clk 00:44:52]} {[%emt 00:00:48]} 41. Qg4 {[%clk 00:30:27]}
{[%emt 00:03:03]} Ne5 {[%clk 00:44:39]} {[%emt 00:00:23]} 42. Qg5 {[%clk
00:28:31]} {[%emt 00:02:06]} Rf5 {[%clk 00:44:18]} {[%emt 00:00:31]} 43. Qe7+
{[%clk 00:27:33]} {[%emt 00:01:08]} Kh6 {[%clk 00:44:07]} {[%emt 00:00:21]} 44.
Rd8 {[%clk 00:25:57]} {[%emt 00:01:45]} Kh5 {[%clk 00:43:21]} {[%emt 00:00:56]}
45. Rh8+ {[%clk 00:25:10]} {[%emt 00:00:58]} Kg4 {[%clk 00:43:18]} {[%emt
00:00:13]} 46. Kh2 {[%clk 00:23:50]} {[%emt 00:01:30]} f3 {[%clk 00:42:02]}
{[%emt 00:01:27]} 47. gxf3+ {[%clk 00:23:02]} {[%emt 00:00:56]} Kxf3 {[%clk
00:40:23]} {[%emt 00:01:50]} 48. Re1 {[%clk 00:21:27]} {[%emt 00:01:45]} Ng4+
{[%clk 00:39:42]} {[%emt 00:00:52]} 49. Kg1 {[%clk 00:20:50]} {[%emt 00:00:46]}
Bxf2+ {[%clk 00:39:08]} {[%emt 00:00:44]} 50. Kh1 {[%clk 00:18:53]} {[%emt
00:02:07]} Bxe1 {[%clk 00:39:04]} {[%emt 00:00:14]} 51. Qxe1 {[%clk 00:18:44]}
{[%emt 00:00:19]} Nf2+ {[%clk 00:38:27]} {[%emt 00:00:47]} 52. Kh2 {[%clk
00:17:35]} {[%emt 00:01:19]} Rg4 {[%clk 00:38:04]} {[%emt 00:00:33]} 53. Qf1
{[%clk 00:16:33]} {[%emt 00:01:11]} Rff4 {[%clk 00:37:43]} {[%emt 00:00:32]} 54.
Qxf2+ {[%emt 00:03:32]} Kxf2 {[%clk 00:37:40]} {[%emt 00:00:12]} 55. Kh3 {[%clk
00:12:47]} {[%emt 00:00:35]} b5 {[%clk 00:37:39]} {[%emt 00:00:10]} 56. Rh7
{[%clk 00:11:42]} {[%emt 00:01:15]} Rg3+ {[%clk 00:37:23]} {[%emt 00:00:27]} 57.
Kh2 {[%clk 00:10:29]} {[%emt 00:01:21]} Rfg4 {[%clk 00:37:23]} {[%emt
00:00:03]} 58. Rf7+ {[%clk 00:09:51]} {[%emt 00:00:49]} Rf3 {[%clk 00:37:16]}
{[%emt 00:00:17]} 59. Rxf3+ {[%clk 00:09:16]} {[%emt 00:00:44]} Kxf3 {[%clk
00:37:15]} {[%emt 00:00:12]} 60. h5 {[%clk 00:07:59]} {[%emt 00:01:27]} gxh5
{[%clk 00:37:04]} {[%emt 00:00:20]} 61. Kh3 {[%clk 00:07:37]} {[%emt 00:00:33]}
h4 {[%clk 00:37:02]} {[%emt 00:00:12]} 62. Kh2 {[%clk 00:07:03]} {[%emt
00:00:43]} Rg3 {[%clk 00:37:02]} {[%emt 00:00:05]} 63. Kh1 {[%clk 00:05:39]}
{[%emt 00:01:33]} Kf2 {[%clk 00:37:02]} {[%emt 00:00:03]} 64. c4 {[%clk
00:04:52]} {[%emt 00:00:57]} Rh3+ {[%clk 00:37:02]} {[%emt 00:00:02]} 0-1